Três séculos no mar (Record no. 16364)
[ view plain ]
| 000 -Etiqueta do registo | |
|---|---|
| Valores | 00367nam a2200133 4500 |
| 100 ## - Dados gerais de processamento | |
| Dados gerais | 20250716 pory50 |
| 200 ## - Titulo e menção de responsabilidade | |
| Título próprio | Três séculos no mar |
| Título paralelo | Naus e Navetas (1700-1737) |
| Primeira menção de responsabilidade | Comandante António Marques Esparteiro |
| 210 ## - Publicação | |
| Local de publicação | Lisboa |
| Data de publicação | 1976 |
| 215 ## - Descrição física | |
| Paginação / Volumes | 226 p. |
| 225 ## - Colecção | |
| Título próprio da colecção | Coleção Estudos; |
| Número de parte ou secção | 5) |
| 801 ## - Fonte de origem | |
| País | PT |
| Agência | BMA |
| Regras de catalogação | RPC |
| 990 ## - Elementos KOHA | |
| Tipo de documento | Livro |
| Situação do levantamento | Estado | Biblioteca de origem | Código de barras | Cota | Permissão de empréstimo | Tipo de documento | Forma de aquisição |
|---|---|---|---|---|---|---|---|
| Biblioteca Municipal do Alandroal | 18408/25 | 359(091) ESP | Livro | Oferta |